[Event "Valoz Cup"]
[Site "Olomouc CZE"]
[Date "2000.08.04"]
[Round "4"]
[White "Chytilek,R"]
[Black "Tibensky,R"]
[Result "1/2-1/2"]
[WhiteElo "2344"]
[BlackElo "2414"]

1.e4 g6 2.d4 Bg7 3.Nc3 d6 4.Be3 a6 5.h3 b5 6.Bd3 Bb7 7.Nce2 Nd7 8.Nf3 c5
9.c3 Ngf6 10.Ng3 O-O 11.O-O e5 12.d5 Nb6 13.Qd2 Re8 14.Bg5 Qc7 15.Nh2 Rf8
16.h4 Rae8 17.Bc2 Bc8 18.h5 a5 19.Bd3 c4 20.Bc2 a4 21.f4 exf4 22.Qxf4 Nxh5
23.Nxh5 gxh5 24.Qg3 Kh8 25.Qh4 Nd7 26.Qxh5 Ne5 27.Rf4 Ng6 28.e5 Kg8 29.Nf3 Bxe5
30.Nxe5 Rxe5 31.Bxg6 fxg6 32.Rxf8+ Kxf8 33.Qh6+ Kg8 34.Rf1 Bf5 35.Bf6 Re8
36.Rxf5 gxf5 37.Qg5+ Kf8 38.Qh6+ Kg8 39.Qg5+ Kf8 40.Qh6+ Kg8  1/2-1/2

[Event "FIDE World Cup Gp D"]
[Site "Shenyang CHN"]
[Date "2000.08.04"]
[Round "4"]
[White "Tissir,M"]
[Black "Tkachiev,V"]
[Result "0-1"]
[WhiteElo "2342"]
[BlackElo "2657"]

1.e4 d6 2.d4 g6 3.Nc3 Bg7 4.Be3 c6 5.Qd2 Nd7 6.Nf3 b5 7.Bd3 Qc7 8.O-O Ngf6
9.Bh6 O-O 10.a4 b4 11.Ne2 c5 12.c3 c4 13.Bb1 b3 14.Qg5 e5 15.Ng3 Ne8 16.Bxg7 Nxg7
17.h4 Ne6 18.Qd2 Nf6 19.Rd1 a5 20.Nf5 gxf5 21.exf5 Nf4 22.g3 Bb7 23.gxf4 Bxf3
24.fxe5 Kh8 25.exf6 Rg8+ 26.Kf1 d5  0-1

[Event "Open"]
[Site "Chania GRE"]
[Date "2000.08.05"]
[Round "3"]
[White "Turov,M"]
[Black "Nesic,N"]
[Result "1-0"]
[WhiteElo "2539"]
[BlackElo "2234"]

1.e4 d6 2.d4 g6 3.Nc3 Bg7 4.Bg5 Nc6 5.Nge2 Nf6 6.Qd2 h6 7.Bh4 g5 8.Bg3 Nh5
9.Nd1 e6 10.f3 Nxg3 11.hxg3 f5 12.Ne3 O-O 13.c3 fxe4 14.fxe4 Qf6 15.O-O-O a5
16.Ng1 a4 17.Nf3 b6 18.Bd3 Ba6 19.e5 Qe7 20.Be4 d5 21.Nxd5  1-0

[Event "Eikrem mem"]
[Site "Gausdal NOR"]
[Date "2000.08.05"]
[Round "8"]
[White "Pedersen,O"]
[Black "Svendsen,M"]
[Result "1-0"]
[WhiteElo "2061"]
[BlackElo "2071"]

1.e4 g6 2.d4 Bg7 3.Nc3 d6 4.Nf3 Nc6 5.Be2 e5 6.dxe5 Nxe5 7.O-O Nxf3+ 8.Bxf3 Ne7
9.Bg5 h6 10.Be3 O-O 11.Qd2 Kh7 12.Rad1 Nc6 13.Be2 Be6 14.f4 f5 15.Bf3 Qd7
16.e5 Rad8 17.exd6 cxd6 18.a3 Rfe8 19.Bf2 d5 20.Nxd5 Qf7 21.c4 b6 22.Qc2 g5
23.b3 Na5 24.Rfe1 g4 25.Bxg4 Qg6 26.Bh3  1-0

[Event "TCh-ESP"]
[Site "Barcelona ESP"]
[Date "2000.08.07"]
[Round "3"]
[White "Toledano Llinares,J"]
[Black "Nelson,Jo"]
[Result "0-1"]
[WhiteElo "2343"]
[BlackElo "2293"]

1.e4 g6 2.d4 Bg7 3.Nc3 d6 4.Be3 a6 5.Qd2 Nd7 6.h4 Ngf6 7.f3 e5 8.Nge2 exd4
9.Nxd4 Ne5 10.O-O-O c5 11.Nb3 c4 12.Nd4 b5 13.Nd5 Nxd5 14.exd5 Bb7 15.Bg5 Qb6
16.f4 h6 17.fxe5 hxg5 18.Nf3 O-O-O 19.e6 c3 20.bxc3 Qa5 21.Nd4 Qxa2 22.Qf2 g4
23.Kd2 fxe6 24.Be2 Bh6+ 25.Ke1 Bxd5 26.Bxg4 Qc4 27.Rh3 Rhf8 28.Be2 Qc5 29.Qg3 e5
30.Qxg6 Bf4 31.Nf3 Qxc3+ 32.Kf1 Qc6 33.Kg1 Kb8 34.h5 Be4 35.Qg7 Bxc2 36.Rf1 Rg8
37.Qf7 Qe4 38.Rf2 Be3 39.h6 Bxf2+ 40.Kxf2 Rh8 41.Rh4 Qxh4+  0-1

[Event "Open"]
[Site "Chania GRE"]
[Date "2000.08.07"]
[Round "6"]
[White "Hadzimanolis,A"]
[Black "Dzhumaev,M"]
[Result "1/2-1/2"]
[WhiteElo "2235"]
[BlackElo "2495"]

1.e4 g6 2.d4 Bg7 3.Nc3 d6 4.f4 Nf6 5.Nf3 O-O 6.Be2 Na6 7.O-O c5 8.d5 Nc7
9.Qe1 e6 10.dxe6 Nxe6 11.Qh4 Nd4 12.Bd3 Ng4 13.Ng5 h6 14.f5 gxf5 15.exf5 Nf6
16.Nh3 c4 17.Bxh6 Bxh6 18.Qxh6 cxd3 19.Qg5+ Kh8 20.Qh4+ Kg7 21.Qg5+ Kh8 22.Qh4+ Kg7
23.Qxd4 Qb6 24.Qxb6 axb6 25.cxd3 Ra5 26.Rae1 Rxf5 27.Rxf5 Bxf5 28.Nf4 Rc8
29.Re7 Nd7 30.h3 Kf8 31.Re3 Ne5 32.g4 Bh7 33.Kf2 f6 34.Ke2 Kf7 35.Nfd5 Rh8
36.d4 Nc6 37.Nb5 Ra8 38.Nxd6+ Kg7 39.Nc3 Nxd4+ 40.Kf2 Rd8 41.Re7+ Kg6 42.Nce4 Bg8
43.h4 Rf8 44.Ke3 f5 45.Kxd4 fxe4 46.Nxe4 Rf4 47.h5+ Kh6 48.g5+ Kxh5 49.Ke5 Rf8
50.Rg7 Bxa2 51.Nf6+ Kh4 52.Rxb7 Bb1 53.Rg7 Ra8 54.g6 Kg5 55.Nd5  1/2-1/2

[Event "Open"]
[Site "Chania GRE"]
[Date "2000.08.07"]
[Round "6"]
[White "Khamrakulov,I"]
[Black "Koukoufikis,G"]
[Result "1-0"]
[WhiteElo "2359"]
[BlackElo "2151"]

1.e4 d6 2.d4 g6 3.Nc3 Bg7 4.Bg5 c6 5.Qd2 b5 6.f4 Nd7 7.Nf3 Nb6 8.h3 Nf6 9.Bd3 Qc7
10.O-O O-O 11.f5 Nc4 12.Qc1 e5 13.fxe6 Bxe6 14.b3 Nb6 15.Bh6 b4 16.Ne2 Rae8
17.Qg5 Qe7 18.Ng3 Nfd7 19.Qd2 d5 20.Rae1 f6 21.Nf5 Bxf5 22.exf5 Bxh6 23.Qxh6 Qg7
24.Qd2 c5 25.fxg6 hxg6 26.dxc5 Nxc5 27.Qxb4 Nxd3 28.cxd3 Qd7 29.Qf4 Kg7 30.Nh2 Rxe1
31.Rxe1 g5 32.Qe3 Rf7 33.Nf3 Nc8 34.Nd4 Re7 35.Qxe7+ Nxe7 36.Rxe7+ Qxe7 37.Nf5+ Kf7
38.Nxe7 Kxe7 39.Kf2 Kd6 40.d4 a5 41.a3 Ke6 42.b4 axb4 43.axb4 Kd6 44.g3 Kc6
45.h4  1-0

[Event "Open"]
[Site "Chania GRE"]
[Date "2000.08.08"]
[Round "7"]
[White "Vlahopoulos,V"]
[Black "Nesic,N"]
[Result "1/2-1/2"]
[WhiteElo "2087"]
[BlackElo "2234"]

1.e4 g6 2.d4 d6 3.Nc3 Bg7 4.Be3 c6 5.Qd2 Nd7 6.Nf3 Ngf6 7.h3 Qc7 8.Bh6 O-O
9.Nh2 b5 10.f3 e5 11.Bxg7 Kxg7 12.Ng4 Nh5 13.Qh6+ Kg8 14.O-O-O Qa5 15.Bxb5 cxb5
16.dxe5 Nxe5 17.Rxd6 Qc7 18.Rhd1 Bxg4 19.hxg4 Rac8 20.gxh5 b4 21.hxg6 fxg6
22.f4 bxc3 23.b4 Nc4 24.Rxg6+ hxg6 25.Qxg6+ Qg7 26.Qe6+ Qf7 27.Qg4+ Qg7 28.Qe6+  1/2-1/2

[Event "TCh-ESP"]
[Site "Barcelona ESP"]
[Date "2000.08.09"]
[Round "5"]
[White "Blazquez Gomez,J"]
[Black "Vassallo,M"]
[Result "0-1"]
[WhiteElo "2269"]
[BlackElo "2431"]

1.e4 g6 2.d4 Bg7 3.Nc3 d6 4.Be2 Nf6 5.Be3 c6 6.g4 h6 7.f4 Qa5 8.Bf3 h5 9.gxh5 Nxh5
10.Qd2 b5 11.Nge2 Nf6 12.O-O-O b4 13.Nb1 Bg4 14.Bg2 Na6 15.h3 Bd7 16.Ng3 Qxa2
17.f5 gxf5 18.Rdf1 fxe4 19.Rxf6 Bxf6 20.Nxe4 Bg7 21.b3 Qa5 22.Re1 O-O-O 23.Qe2 Nc7
24.c4 Bh6 25.Bxh6 Rxh6 26.c5 Re6 27.Qf2 Nd5 28.Re2 Rg8 29.Ra2 Qc7 30.Nbd2 Nc3
31.Nxc3 bxc3 32.Nc4 dxc5 33.d5 cxd5 34.Bxd5 Rf6 35.Qe2 Qf4+ 36.Ne3 Rg3  0-1

[Event "101st US Open"]
[Site "Saint Paul USA"]
[Date "2000.08.09"]
[Round "5"]
[White "Karklins,A"]
[Black "Van Oosterom,H"]
[Result "1-0"]
[WhiteElo "2304"]
[BlackElo "2260"]

1.e4 d6 2.d4 g6 3.Nc3 Bg7 4.h3 Nd7 5.Nf3 e5 6.Be3 Ne7 7.Qd2 h6 8.O-O-O Nc6
9.Bb5 a6 10.Bxc6 bxc6 11.dxe5 dxe5 12.Na4 Qe7 13.Qa5 O-O 14.a3 Qe6 15.Qxc7 Qa2
16.Nd2 Qe6 17.Nb3 Rb8 18.Nac5 Qc4 19.Rxd7 Bxd7 20.Qxd7 Rfd8 21.Qc7 Rdc8 22.Qa5 Bf8
23.Qc3 Qxc3 24.bxc3 f5 25.f3 f4 26.Bf2 Kf7 27.a4 Ra8 28.Rd1 Rc7 29.Kb2 g5
30.Nd7 Bg7 31.Bb6 Rcc8 32.a5 h5 33.Nbc5 g4 34.Nb7 Rg8 35.Nd6+ Ke6 36.Nf5 gxh3
37.gxh3 Rac8 38.Nc5+ Kf6 39.Rd6+ Kf7 40.Rd7+ Kf6 41.Ne7  1-0

[Event "FSIMA August"]
[Site "Budapest HUN"]
[Date "2000.08.10"]
[Round "6"]
[White "Borisek,J"]
[Black "Vikulov,A"]
[Result "1-0"]
[WhiteElo "2089"]
[BlackElo "2205"]

1.e4 g6 2.d4 Bg7 3.Nc3 d6 4.Be3 a6 5.Qd2 Nd7 6.f3 b5 7.g4 h5 8.gxh5 Rxh5
9.Nge2 Bb7 10.Ng3 Rh8 11.Bg2 Nb6 12.b3 e6 13.O-O-O Qd7 14.h4 Nf6 15.Bg5 Nh5
16.Nxh5 gxh5 17.Bh3 d5 18.e5 Bf8 19.Bf6 Bh6 20.f4 Rf8 21.Ne2 Rg8 22.Qd3 Bf8
23.Qh7 Rg6 24.Rhg1 Rh6 25.Qg8 Rxf6 26.exf6 O-O-O 27.Qh7 Kb8 28.Kb1 c5 29.f5 exf5
30.Bxf5 Qe8 31.Rge1 Qe3 32.Qxf7 Qf3 33.Qg6 c4 34.Qg3+ Qxg3 35.Nxg3 cxb3 36.axb3 Bb4
37.Re2 Nc8 38.Nxh5 Nd6 39.Bg6 Bc8 40.Rg1 Rf8 41.Rg5 Bb7 42.Rge5 Bc3 43.f7 Nxf7
44.Re8+  1-0

[Event "Open"]
[Site "Chania GRE"]
[Date "2000.08.10"]
[Round "9"]
[White "Shavtvaladze,N"]
[Black "Koukoufikis,G"]
[Result "1-0"]
[WhiteElo "2314"]
[BlackElo "2151"]

1.e4 d6 2.d4 g6 3.Nc3 Bg7 4.f4 Nf6 5.Nf3 O-O 6.Bd3 Na6 7.O-O c5 8.d5 Nc7
9.a4 e6 10.dxe6 Nxe6 11.f5 Nd4 12.Bg5 Qb6 13.a5 Qxb2 14.Nxd4 cxd4 15.Na4 Qb4
16.Bd2  1-0

[Event "Open"]
[Site "Chania GRE"]
[Date "2000.08.10"]
[Round "9"]
[White "Stiri,A"]
[Black "Koukoufikis,A"]
[Result "1-0"]
[WhiteElo "2097"]
[BlackElo "2181"]

1.e4 d6 2.d4 g6 3.Nc3 Bg7 4.Nf3 c6 5.Be3 b5 6.Bd3 a6 7.O-O Nf6 8.h3 O-O 9.Qd2 Nbd7
10.Bh6 e5 11.Bxg7 Kxg7 12.dxe5 dxe5 13.Qe3 Qe7 14.Rfd1 c5 15.a4 b4 16.Nb1 a5
17.Nbd2 Nb6 18.c3 Nfd7 19.Bb5 Ba6 20.Bxa6 Rxa6 21.Qe2 Ra7 22.Nf1 f5 23.Ne3 fxe4
24.Nd2 Nf6 25.Nef1 bxc3 26.bxc3 Nbd5 27.Nxe4 Nf4 28.Qc2 Qb7 29.Nfg3 h5 30.Rab1 Qa8
31.Re1 h4 32.Nf1 Rd7 33.Nh2 N6d5 34.Ng4 Rf5 35.Rbd1 Qc6 36.Ne3 Nxe3 37.Rxd7+ Qxd7
38.fxe3 Ne6 39.Rd1 Qe7 40.Qd3 Nf8 41.Qb5 Qe6 42.Qxc5 Qb3 43.Qe7+ Kg8 44.Re1 Qb6
45.Qxh4 Ne6 46.Nf6+ Kg7 47.Nd5 Qa6 48.e4 Rf7 49.Qg3 Nf4 50.Nxf4 exf4 51.Qf2 g5
52.Qd4+ Rf6 53.e5 Re6 54.Kh2 Qc6 55.Rb1 Kf7 56.Rb5 f3 57.Qf2 g4 58.hxg4 Rh6+
59.Kg3 Qc7 60.Qxf3+ Ke8 61.Qa8+  1-0

[Event "Open"]
[Site "Chania GRE"]
[Date "2000.08.10"]
[Round "9"]
[White "Turov,M"]
[Black "Dzhumaev,M"]
[Result "1-0"]
[WhiteElo "2539"]
[BlackElo "2495"]

1.e4 g6 2.d4 Bg7 3.Nc3 d6 4.Bg5 c6 5.Qd2 b5 6.Nf3 Bg4 7.O-O-O Qa5 8.Kb1 Nd7
9.e5 dxe5 10.d5 b4 11.dxc6 bxc3 12.cxd7+ Kd8 13.Qe1 Rb8 14.b3 e4 15.Qxe4 Bf5
16.Qe2 Nf6 17.Nd4 Be4 18.Bxf6 Bxf6 19.Qe3 Qa3 20.Qxc3 a5 21.Ba6 e5 22.Rhe1 exd4
23.Qc8+ Ke7 24.Rxe4+ Kd6 25.Rdxd4+ Bxd4 26.Rxd4+ Ke5 27.Qc7+ Ke6 28.Bc8 Rd8
29.Re4+ Kf6 30.Qe5+  1-0

[Event "Open"]
[Site "Chania GRE"]
[Date "2000.08.10"]
[Round "9"]
[White "Hadzimanolis,A"]
[Black "Nesic,N"]
[Result "1-0"]
[WhiteElo "2235"]
[BlackElo "2234"]

1.e4 g6 2.d4 d6 3.Nc3 Bg7 4.f4 Nf6 5.Nf3 O-O 6.Be2 c5 7.d5 Na6 8.O-O Nc7
9.a4 b6 10.h3 Bb7 11.Qe1 e6 12.dxe6 Nxe6 13.Bd3 a6 14.f5 Nd4 15.Bg5 h6 16.Be3 Nd7
17.Qg3 Nxf3+ 18.gxf3 Bd4 19.Bxd4 cxd4 20.Nd5 Bxd5 21.exd5 g5 22.Qxd6 Nf6
23.Qxd8 Rfxd8 24.Be4 Nxd5 25.Rfd1 Rac8 26.Rxd4 Nf4 27.Rxd8+ Rxd8 28.Kf2 Nxh3+
29.Ke3 Nf4 30.a5 b5 31.Bb7 Rd6 32.Ke4 f6 33.Ra3 h5 34.b3 h4 35.c4 Nd3 36.Bd5+ Rxd5
37.cxd5 b4 38.Ra2 Nc5+ 39.Ke3 Nxb3 40.Rb2 Nxa5 41.Rxb4 Kf7 42.Ra4 Nb7 43.Rxa6 Nc5
44.Ra7+ Ke8 45.Kd4 Nb3+ 46.Kc3 Nc1 47.d6 Ne2+ 48.Kc4 Ng1 49.Kd5 Nxf3 50.Ke6 Nd4+
51.Kxf6 Nf3 52.Ke6 Nd4+ 53.Kf6 Nf3 54.Kg7  1-0

[Event "TCh-ESP"]
[Site "Barcelona ESP"]
[Date "2000.08.12"]
[Round "8"]
[White "Hernandez,Gi"]
[Black "Vassallo,M"]
[Result "1-0"]
[WhiteElo "2572"]
[BlackElo "2431"]

1.e4 g6 2.d4 Bg7 3.Nc3 d6 4.f4 c6 5.Nf3 Bg4 6.Be3 Qb6 7.Qd2 Nd7 8.Be2 Qa5
9.O-O e5 10.fxe5 dxe5 11.Nxe5 Nxe5 12.dxe5 Bxe2 13.Qxe2 Bxe5 14.Rad1 Qc7
15.g3 h5 16.Bf4 Nh6 17.Bxe5 Qxe5 18.Qd2 Kf8 19.Qf4 Qxf4 20.gxf4 Ke7 21.h3 Rhd8
22.Kf2 Rxd1 23.Rxd1 f6 24.Ne2 Nf7 25.Rg1 Rg8 26.Kf3 Nd6 27.b3 Kf7 28.h4 Re8
29.Ng3 Re7 30.Rd1 Ke6 31.c4 b6 32.Rd2 Rh7 33.Rd3 Re7 34.f5+ gxf5 35.Rxd6+ Kxd6
36.Nxf5+ Ke6 37.Nxe7 Kxe7 38.Kf4 Ke6 39.b4 a6 40.a4 a5 41.bxa5 bxa5 42.c5  1-0

[Event "FSIMA August"]
[Site "Budapest HUN"]
[Date "2000.08.12"]
[Round "8"]
[White "Borocz,I"]
[Black "Vikulov,A"]
[Result "0-1"]
[WhiteElo "2347"]
[BlackElo "2205"]

1.e4 g6 2.d4 Bg7 3.Nc3 d6 4.f4 Nf6 5.Nf3 c5 6.Bb5+ Bd7 7.e5 Ng4 8.Bxd7+ Qxd7
9.d5 dxe5 10.h3 e4 11.Nxe4 Nf6 12.Nxf6+ Bxf6 13.O-O O-O 14.Be3 Bxb2 15.Rb1 Bg7
16.Bxc5 Rd8 17.c4 Qc7 18.Bd4 Qxc4 19.Bxg7 Kxg7 20.Rxb7 Qxd5 21.Qxd5 Rxd5
22.Rxe7 Nc6 23.Rc7 Nd8 24.Re1 a5 25.Re8 Ra6 26.Ne5 Rad6 27.Kh2 Rd4 28.Kg3 h5
29.h4 Rd2 30.Ree7 Rf6 31.Red7 Rxd7 32.Rxd7 Ne6 33.Nd3 Rf5 34.Ra7 Nd4 35.Rd7 Nb5
36.Ne5 Nc3 37.a3 Ne2+ 38.Kf3 Nxf4 39.Rxf7+ Rxf7 40.Nxf7 Nxg2 41.Ne5 Nxh4+
42.Kf4 Kf6 43.Nc4 g5+ 44.Ke4 a4 45.Nb2 Nf5 46.Nxa4 Nd6+ 47.Kf3 Nc4 48.Nc3 Nxa3
49.Ke4 h4 50.Nd5+ Kg6 51.Kf3 Nc4 52.Kg4 Ne5+ 53.Kh3 Kf5 54.Ne3+ Kg6 55.Nd5 Kh6
56.Nf6 Kg7 57.Nd5 Kg6 58.Ne7+ Kh5 59.Nd5 g4+ 60.Kg2 Kg5  0-1

[Event "Lost Boys Open"]
[Site "Amsterdam NED"]
[Date "2000.08.13"]
[Round "3"]
[White "Ramesh,R"]
[Black "Hillarp Persson,T"]
[Result "1-0"]
[WhiteElo "2450"]
[BlackElo "2549"]

1.e4 g6 2.d4 Bg7 3.Nc3 d6 4.Be3 a6 5.f4 b5 6.Nf3 Bb7 7.Bd3 Nd7 8.Qe2 c5 9.dxc5 Nxc5
10.Bxc5 Bxc3+ 11.bxc3 dxc5 12.e5 Nh6 13.O-O Qb6 14.c4 O-O 15.Qe1 bxc4 16.Bxc4 Nf5
17.c3 Bxf3 18.Rxf3 h5 19.Rb1 Qa7 20.e6 f6 21.Rd3 Rab8 22.Rd7 Rxb1 23.Qxb1 Qb8
24.Qxb8 Rxb8 25.Bd3 Kf8 26.Bxf5 gxf5 27.Rd5 Rb6 28.Rxf5 Rxe6 29.Rxc5 Re4
30.Rxh5 Rxf4 31.Ra5 Rc4 32.Rxa6 Rxc3 33.h3 Kf7 34.a4 Ra3 35.a5 Kg6 36.Ra8 Kg7
37.a6 Kh7 38.h4 Kg7 39.h5 Kh7 40.a7 Kg7 41.g4 Kh7 42.Kf2 Kg7 43.Ke2 Kh7 44.Kd2 Kg7
45.Kc2 Ra1 46.Kb3 Ra6 47.Kb4 Ra1 48.Kc5 Ra6 49.Kb5 Ra1 50.Kb6 Rb1+ 51.Kc6 Ra1
52.Kd7 e5 53.Ke6 e4 54.h6+ Kh7 55.Kxf6 e3 56.Re8 Ra6+ 57.Kf5 Ra5+ 58.Re5 Rxa7
59.g5 Rf7+ 60.Ke4  1-0

[Event "TCh-ESP"]
[Site "Barcelona ESP"]
[Date "2000.08.13"]
[Round "9"]
[White "Fernandez Cazorla,A"]
[Black "Argandona Rivero,I"]
[Result "1-0"]
[WhiteElo "2215"]
[BlackElo "2250"]

1.e4 g6 2.d4 Bg7 3.Nc3 d6 4.f4 Nc6 5.d5 Nb8 6.Be3 Nf6 7.Qd2 Nbd7 8.g3 c5
9.h3 a6 10.a4 Qa5 11.Ra2 Nb6 12.Nf3 Qb4 13.Bd3 Bd7 14.a5 Nc4 15.Bxc4 Qxc4
16.Qd3 Bb5 17.Qxc4 Bxc4 18.b3 Bb5 19.Kd2 Nh5 20.Rg1 Bxc3+ 21.Kxc3 Nf6 22.Nd2 h5
23.Kb2 Bd7 24.Rh1 O-O-O 25.c4 Rdg8 26.Kc3 Nh7 27.Rb2 Kd8 28.b4 cxb4+ 29.Rxb4 Bc8
30.e5 g5 31.exd6 gxf4 32.dxe7+ Kxe7 33.Bxf4 Ng5 34.Re1+ Kd8 35.Rb6 Nxh3 36.Be5 Re8
37.Bf6+ Kd7 38.Ne4 Rxe4 39.Rxe4 Re8 40.Rxe8 Kxe8 41.Rd6 Bd7 42.c5 Nf2 43.Kd4 Ng4
44.Bh4  1-0

[Event "Lost Boys Open"]
[Site "Amsterdam NED"]
[Date "2000.08.14"]
[Round "4"]
[White "Wiersma,E"]
[Black "Nijboer,F"]
[Result "0-1"]
[WhiteElo "2402"]
[BlackElo "2537"]

1.e4 d6 2.d4 g6 3.Nc3 Bg7 4.Bg5 c6 5.Qd2 b5 6.f4 Nf6 7.Bd3 O-O 8.Nf3 Bg4
9.e5 Bxf3 10.gxf3 Nh5 11.Ne2 f6 12.exf6 exf6 13.Bh4 Bh6 14.O-O-O Nd7 15.Kb1 Nb6
16.Qc3 Qd7 17.f5 gxf5 18.Rhg1+ Kh8 19.Ng3 Ng7 20.Qe1 Nd5  0-1

[Event "4th Open"]
[Site "Genova ITA"]
[Date "2000.08.14"]
[Round "10"]
[White "Faccia,S"]
[Black "Taeger,T"]
[Result "1/2-1/2"]
[WhiteElo "2043"]
[BlackElo "2128"]

1.e4 g6 2.d4 Bg7 3.Nc3 d6 4.f4 Nf6 5.e5 Nfd7 6.Nf3 O-O 7.Be2 c5 8.dxc5 dxe5
9.fxe5 Nxe5 10.O-O Nxf3+ 11.Bxf3 Qd4+ 12.Kh1 Qxc5 13.Qe2 Nc6 14.Be3 Qb4 15.Bd5 Qd6
16.Rad1 Qe5 17.b4 e6 18.b5 exd5 19.Rxd5 Qe6 20.bxc6 bxc6 21.Rdd1 Re8 22.Qd2 Qxe3
23.Rfe1 Qxe1+ 24.Rxe1 Rxe1+ 25.Qxe1 Be6 26.a4 Rb8 27.g3 Rb2 28.Qd1 h5 29.Qd3 Bh3
30.Kg1 c5 31.Kf2 Bd4+ 32.Ke2 Rb1  1/2-1/2

[Event "Lost Boys Open"]
[Site "Amsterdam NED"]
[Date "2000.08.15"]
[Round "5"]
[White "Bosch,Je"]
[Black "Lorscheid,G"]
[Result "1/2-1/2"]
[WhiteElo "2405"]
[BlackElo "2306"]

1.e4 d6 2.d4 g6 3.Nc3 Bg7 4.Be3 c6 5.Qd2 Nd7 6.Nf3 b5 7.Bd3 Nb6 8.h3 Nf6
9.O-O O-O 10.Bh6 Qc7 11.Bxg7 Kxg7 12.a4 b4 13.Ne2 a5 14.Ng3 c5 15.e5 Ng8
16.exd6 exd6 17.Bb5 Bb7 18.Qf4 Nd5 19.Qg5 h6 20.Qd2 Nde7 21.Qf4 Nd5 22.Qd2 Nde7
23.Qf4 Nd5 24.Qd2  1/2-1/2

[Event "Lost Boys Open"]
[Site "Amsterdam NED"]
[Date "2000.08.16"]
[Round "6"]
[White "Meijers,V"]
[Black "Nijboer,F"]
[Result "0-1"]
[WhiteElo "2478"]
[BlackElo "2537"]

1.e4 d6 2.d4 g6 3.Nc3 Bg7 4.Be3 c6 5.Qd2 b5 6.a3 Nf6 7.Be2 Nbd7 8.Bh6 Bxh6
9.Qxh6 e5 10.dxe5 dxe5 11.Nh3 Ng8 12.Qe3 Qb6 13.Qg3 Ne7 14.f4 a5 15.Nf2 Qc7
16.fxe5 Qxe5 17.Qf3 Nc5 18.O-O O-O 19.Rae1 Kg7 20.Kh1 h5 21.Bd3 Ne6 22.Nh3 Bd7
23.Nd5 Ng8 24.Ndf4 Nd4 25.Qg3 Bxh3 26.Qxh3 Rad8 27.Qg3 Nf6 28.h3 c5 29.c3 Nb3
30.Rf2 c4 31.Bc2 Nc5 32.Nxh5+ Qxh5 33.Rf5 Ncxe4 34.Bxe4 Nxe4 35.Qe5+ f6 36.Rxh5 fxe5
37.Rxe5 Nf2+  0-1

[Event "4th Open"]
[Site "Halkida GRE"]
[Date "2000.08.17"]
[Round "8"]
[White "Kordis,K"]
[Black "Raptis,G"]
[Result "1-0"]
[WhiteElo "2219"]
[BlackElo "2143"]

1.e4 g6 2.d4 Bg7 3.Nc3 d6 4.Be2 Nc6 5.Be3 e5 6.Nf3 exd4 7.Nxd4 Nge7 8.Qd2 O-O
9.O-O-O d5 10.Nxc6 bxc6 11.Bd4 f6 12.h4 Be6 13.h5 dxe4 14.hxg6 Nxg6 15.Nxe4 Qd5
16.Nc3 Qa5 17.Rh5 Bd5 18.Rdh1 Rfb8 19.Rxh7 Bf8 20.Qd3 f5 21.Qxf5  1-0

[Event "ch-FRA Women"]
[Site "Vichy FRA"]
[Date "2000.08.17"]
[Round "2"]
[White "Bonnafous,N"]
[Black "Dacalor,A"]
[Result "0-1"]
[WhiteElo "2035"]
[BlackElo "2126"]

1.d4 g6 2.e4 d6 3.Nc3 Bg7 4.Be3 Nd7 5.Qd2 c6 6.h4 Ngf6 7.f3 b5 8.Bh6 Bxh6
9.Qxh6 Qb6 10.O-O-O b4 11.Nce2 Ba6 12.Nh3 O-O-O 13.Ng5 Rhf8 14.g4 Kb8 15.Qg7 Qa5
16.Nxf7 Rde8 17.Nxd6 exd6 18.g5 Qxa2 19.gxf6 Rf7 20.Qh6 Qa1+ 21.Kd2 Qxb2
22.Qe3 Nb6 23.Qb3 Nc4+ 24.Ke1 Qxb3 25.cxb3 Ne3 26.Rc1 Nxf1 27.Rxf1 Bb5 28.Rf2 Rxf6
29.Ng1 Rf4 30.Rh2 d5  0-1

[Event "ch-FRA Women"]
[Site "Vichy FRA"]
[Date "2000.08.18"]
[Round "3"]
[White "Milliet,S"]
[Black "Bonnafous,N"]
[Result "1-0"]
[WhiteElo "2131"]
[BlackElo "2035"]

1.e4 g6 2.d4 d6 3.Nc3 Bg7 4.Nf3 Nd7 5.Be2 c5 6.O-O cxd4 7.Nxd4 Ngf6 8.Be3 O-O
9.Qd2 a6 10.Bh6 Qc7 11.Rad1 b5 12.a3 Bb7 13.f3 Rac8 14.Bxg7 Kxg7 15.Rfe1 Nb6
16.Kh1 Rfd8 17.Bf1 e5 18.Nf5+ gxf5 19.Qg5+ Kf8 20.Qxf6 f4 21.Rd2 Rd7 22.g3 Nc4
23.Bxc4 bxc4 24.gxf4 Qd8 25.Qh6+ Ke7 26.f5 f6 27.Rg1 Qf8 28.Rg7+ Ke8 29.Rxh7 Qxh6
30.Rxh6 Kf7 31.Rg2 Rf8 32.h4 Ke8 33.Rd2 Kd8 34.Nd5 Bxd5 35.Rxd5 Kc7 36.c3 Rg7
37.Rd2 Kc6 38.h5 Rg3 39.Rg6 Rxf3 40.Rh2 Rd3 41.Rh4 d5 42.exd5+ Kxd5 43.h6 Kc6
44.h7 Rdd8 45.Rxc4+ Kd5 46.Rh4 e4 47.Rgg4 Rde8 48.Kg2 Rh8 49.Rg7 Ke5 50.Rhg4 e3
51.Kf3 Kxf5 52.Rf4+ Ke5 53.Re4+ Kd5 54.Rxe8 Rxe8 55.Rg8  1-0

[Event "zt 2.32"]
[Site "Guatemala City GUA"]
[Date "2000.08.20"]
[Round "6"]
[White "Infante,S"]
[Black "Chavez,Ri"]
[Result "1-0"]
[WhiteElo "2225"]
[BlackElo "2112"]

1.e4 d6 2.d4 g6 3.Nc3 Bg7 4.Be3 a6 5.Qd2 b5 6.f3 Nd7 7.g4 c6 8.O-O-O Nb6
9.h4 h5 10.g5 Nc4 11.Bxc4 bxc4 12.Na4 Bd7 13.Qb4 Rb8 14.Qxc4 c5 15.dxc5 Bb5
16.Qb4 Be2 17.Nb6 Bb5 18.a4 Bd7 19.cxd6 exd6 20.Qxd6 Ne7 21.Qxd7+ Qxd7 22.Rxd7  1-0

[Event "ECh-u20 Girls"]
[Site "Aviles ESP"]
[Date "2000.08.21"]
[Round "6"]
[White "Stojanovic,Na"]
[Black "Chasovnikova,E"]
[Result "0-1"]
[WhiteElo "2146"]
[BlackElo "2251"]

1.e4 g6 2.d4 Bg7 3.Nc3 d6 4.Be3 a6 5.f3 b5 6.Qd2 Nd7 7.h4 c5 8.g4 cxd4 9.Bxd4 Ngf6
10.h5 O-O 11.hxg6 fxg6 12.Bxf6 Nxf6 13.g5 Nh5 14.Qd5+ e6 15.Qxa8 Qb6 16.O-O-O Bb7
17.Qxf8+ Kxf8 18.Bh3 Nf4 19.Bg4 b4 20.Nce2 Qe3+ 21.Rd2 Nxe2+ 22.Nxe2 Bxb2+
23.Kd1 Bc3 24.Nxc3 bxc3 25.Rd3 Qxg5 26.Rxh7 Bxe4 27.Rxc3 Bc6 28.Rd3 Qe5 29.Rc7 Bb5
30.Rc8+ Kg7 31.Rdc3 d5 32.R8c7+ Kf6 33.R7c5 Bc4 34.R3xc4 Qa1+ 35.Kd2 dxc4
36.Rxc4 Qxa2 37.Rf4+ Kg5 38.Re4 Qd5+ 39.Ke3 e5 40.c3 a5 41.Bh3 Qb5  0-1

[Event "It"]
[Site "Miercurea Ciuc ROM"]
[Date "2000.08.21"]
[Round "3"]
[White "Eckhardt,W"]
[Black "Bogza,A"]
[Result "1-0"]
[WhiteElo "2256"]
[BlackElo "2271"]

1.d4 g6 2.e4 Bg7 3.Nc3 d6 4.Bc4 Nf6 5.Qe2 Nc6 6.e5 dxe5 7.dxe5 Nd4 8.exf6 Nxe2
9.fxg7 Rg8 10.Ngxe2 Rxg7 11.Bh6 Rg8 12.Rd1 Bd7 13.Ne4 c6 14.O-O Qa5 15.Ng5 O-O-O
16.Bxf7 Rgf8 17.Rxd7 Kxd7 18.Nf4 Rxf7 19.Nxf7 Re8 20.Nd3 Qxa2 21.Bg7 Kc8
22.Ng5 Qc4 23.Bc3 Qg4 24.Nf3 Rf8 25.Re1 c5 26.Rxe7 c4 27.h3 Qh5 28.Re5 Rf5
29.g4 Qxh3 30.gxf5 Qg4+ 31.Kf1 cxd3 32.Rc5+ Kd8 33.Bf6+  1-0

[Event "5th Paks Cup IM"]
[Site "Paks HUN"]
[Date "2000.08.21"]
[Round "3"]
[White "Tancsa,R"]
[Black "Belotelov,D"]
[Result "1-0"]
[WhiteElo "2209"]
[BlackElo "2270"]

1.e4 g6 2.d4 Bg7 3.Nc3 d6 4.f4 a6 5.Nf3 b5 6.Bd3 Nd7 7.O-O c5 8.a4 cxd4 9.Ne2 Qb6
10.axb5 Ngf6 11.Kh1 Ng4 12.Nexd4 e5 13.fxe5 dxe5 14.Ng5 Ndf6 15.Ndf3 Nf2+
16.Rxf2 Qxf2 17.Bc4 h6 18.Nxf7 O-O 19.N7xe5+ Kh7 20.Qd3 axb5 21.Rxa8 bxc4
22.Nxc4 Ng4 23.Be3 Nxe3 24.Nxe3 Bf6 25.Rxc8 Rxc8 26.Qd7+ Bg7 27.Qxc8 Qxe3
28.h3 Qc1+ 29.Kh2 Qxb2 30.Qc7 Qf6 31.c4 Qc3 32.c5  1-0

[Event "Open"]
[Site "Polanica Zdroj POL"]
[Date "2000.08.21"]
[Round "5"]
[White "Gadjily,R"]
[Black "Zubarev,A1"]
[Result "0-1"]
[WhiteElo "2413"]
[BlackElo "2456"]

1.e4 g6 2.d4 Bg7 3.Nc3 d6 4.Nf3 Nf6 5.Be3 O-O 6.Qd2 c6 7.Bh6 b5 8.Bxg7 Kxg7
9.Bd3 Bg4 10.Ng5 e5 11.dxe5 dxe5 12.f3 Bc8 13.h4 h6 14.Nh3 Nbd7 15.O-O-O Nc5
16.Kb1 Bxh3 17.Rxh3 Qe7 18.g4 Rad8 19.Ne2 Ne6 20.Qc3 Qc5 21.Qxc5 Nxc5 22.Nc1 h5
23.g5 Nh7 24.Be2 Rxd1 25.Bxd1 Rd8 26.Rh1 f6 27.gxf6+ Kxf6 28.b4 Ne6 29.Nb3 g5
30.Na5 Rc8 31.hxg5+ Kxg5 32.c4 Nf4 33.Bb3 h4 34.Rc1 Ne2 35.Re1 Nd4 36.Rg1+ Kh6
37.Rh1 Nxf3 38.Bd1 Nhg5 39.Kb2 Kh5 40.Rg1 h3 41.Nb3 h2 42.Rh1 Kg6 43.c5 Nxe4
44.Na5 Nd4  0-1

[Event "Open"]
[Site "Porto San Giorgio ITA"]
[Date "2000.08.21"]
[Round "2"]
[White "Passoni,C"]
[Black "Chatalbashev,B"]
[Result "0-1"]
[WhiteElo "2240"]
[BlackElo "2494"]

1.e4 g6 2.d4 Bg7 3.Nc3 d6 4.h3 a6 5.g3 b5 6.Bg2 Bb7 7.a4 Nf6 8.axb5 axb5
9.Rxa8 Bxa8 10.Qd3 b4 11.Qb5+ Nfd7 12.Nce2 O-O 13.Qxb4 c5 14.Qd2 cxd4 15.Nxd4 Nc5
16.f3 d5 17.exd5 Qxd5 18.Nge2 Rd8 19.Nb3 Nxb3 20.cxb3 Na6 21.Qxd5 Bxd5 22.O-O Bxb3
23.Be3 Bc4 24.Re1 Nb4 25.Bc5 Nd3 26.Rd1 Rb8 27.Bxe7 Re8 28.Nc1 Nxb2 29.Rd7 Be6
30.Rb7 Bc8 31.Rb8 Be5 32.Ra8 Bxg3 33.Ne2 Bc7 34.f4 Rxe7 35.Rxc8+ Kg7 36.Bf3 Nd3
37.f5 gxf5 38.Kf1 Re3 39.Nd4 Re1+ 40.Kg2 Rc1 41.Nxf5+ Kf6 42.Bg4 h5 43.Ne3 Nf4+
44.Kf3 hxg4+ 45.hxg4 Ne6  0-1

[Event "Paul Keres mem"]
[Site "Tallinn EST"]
[Date "2000.08.21"]
[Round "8"]
[White "Dzjuba,V"]
[Black "Segal,N"]
[Result "1/2-1/2"]
[WhiteElo "2279"]
[BlackElo "2177"]

1.e4 d6 2.d4 g6 3.Nc3 Bg7 4.f4 e5 5.dxe5 dxe5 6.Qxd8+ Kxd8 7.Bc4 Be6 8.Bxe6 fxe6
9.Nf3 Nc6 10.Be3 Bh6 11.Ng5 Bxg5 12.O-O-O+ Ke8 13.fxg5 Nge7 14.Rhf1 Rd8 15.Nb5 Rd7
16.Bxa7 Nxa7 17.Nxa7 c6 18.b4 b5 19.Rxd7 Kxd7 20.Rf7 Kd6 21.c4 bxc4 22.b5 cxb5
23.Nxb5+ Kd7 24.Kb2 h6 25.gxh6 Rxh6 26.h3 Rh4 27.Nc3 Kd6 28.a4 Nc6 29.Rg7 Rf4
30.Rxg6 Rf2+ 31.Ka3 Kc5 32.Rg3 Nd4 33.a5 Nc2+ 34.Kb2 Ne3+ 35.Kb1 Rf1+ 36.Kb2 Rf2+
37.Kb1 Rf1+ 38.Kb2 Rf2+ 39.Kb1  1/2-1/2